Statistiques concernant Les pays qui visitent le plus la République dominicaine

Cliquez ici pour prendre le quiz!

Statistiques générales

  • Ce quiz a été pris 36 fois
  • Le résultat moyen est 9 sur 11

Statistiques - réponses

VisiteursPays% Correct
2,073,963États Unis
97%
827,721Canada
97%
221,492France
97%
177,534Royaume-Uni
97%
111,095Puerto Rico
97%
177,993Espagne
91%
265,709Allemagne
89%
245,346Russie
71%
182,170Argentine
71%
103,444Colombie
69%
109,734Venezuela
54%

Distribution des résultats

Percentile par nombre de réponses

% des personnes avec chaque résultat

Votre développement - résultats

Vous n’avez pas pris ce quiz